Welcome to the Holygrace Academy Library

Please use search bar below to get started

PAAVAM PAAVAKUTTY (Record no. 1548)

MARC details
000 -LEADER
fixed length control field 00294nam a22001337a 4500
082 ## - DEWEY DECIMAL CLASSIFICATION NUMBER
Classification number 894.812.3
Item number KAT/D
100 ## - MAIN ENTRY--AUTHOR NAME
Personal name KATTUPUNAM, RAJU
245 ## - TITLE STATEMENT
Title PAAVAM PAAVAKUTTY
250 ## - EDITION STATEMENT
Edition statement 1
260 ## - PUBLICATION, DISTRIBUTION, ETC. (IMPRINT)
Place of publication KOTTAYAM
Name of publisher KAIRALI KOOKS
Year of publication 1999
300 ## - PHYSICAL DESCRIPTION
Number of Pages 54
650 ## - SUBJECT ADDED ENTRY--TOPICAL TERM
Topical Term MALAYALAM SHORT STORY
942 ## - ADDED ENTRY ELEMENTS (KOHA)
Koha item type Books
Holdings
Withdrawn status Lost status Collection code Home library Current library Shelving location Date acquired Source of acquisition Cost, normal purchase price Full call number Accession Number Koha item type
    Fiction Main Library Main Library SHELF-6D- MALAYALAM SHORT STORIES 01/03/2002 PURCHASE 22.00 894.812.3 KAT/D 01033 Books